000 00382nam a2200145Ia 4500
008 231129s2011||||xx |||||||||||||| ||spa||
020 _a978-84-494-4272-8
040 _bspa
082 _a(i) 813 W651m
100 _aWiesner David
245 0 _aMartes
260 _c2011
264 _aBarcelona España : Océano Travesí­a
942 _2ddc
_cBKS
999 _c20697
_d20697